Quizzes
Events
Quiz Creation
Community
Videos
Private Events
Remove Ads
Sign In
Join for FREE
Feedback
Dark Mode
Quiz Categories
Sports
Geography
Music
Movies
Television
Just For Fun
Miscellaneous
History
Literature
Language
Science
Gaming
Entertainment
Religion
Holiday
For Kids
Quiz Lab
Recent
Popular Today
Quiz Kudos Today
Editor Picks
Curator Picks
Quizzes by...
Day
Popularity
Type
Ratings
Length
Year
Community
Subscriptions
Recent Discussions
Orange Saloon
Badges
Playlists
Quests
Create
Leaderboards
Showdown
Live 5
Trivia Bingo
Activity
Puzzle Library
Sporcle Events
Private Events
Virtual Trivia
Globe League
Become a Host
Pub Owners
SporcleCon
Opinionation
Our Games
Videos
Blog
Mobile Apps
Partnerships
Remove Ads and Go Orange
Feedback
Entertainment
Celebrity
Famous
Musical
Broadway
Show
Quote
Comic Books
Anime
Superhero
DC Comics
Marvel
Cartoons
Animation
Entertainment
Celebrity
Famous
Musical
Broadway
Show
Quote
Comic Books
Anime
Superhero
DC Comics
Marvel
Cartoons
Animation
Random Quiz
Search Sporcle
×
Quiz Lab
Quiz Lab
Entertainment
WWE
Type answers based on single images at one time
Type answers based on single images at one time
Slideshow
Best Score? Go Orange.
WWE cats Stats
Can you name the WWE cats?
By
benbrown
10m
22 Questions
49 Plays
49 Plays
49 Plays
Comments
Comments
Give Quiz Kudos
Give Quiz Kudos
-
- Ratings
hide this ad
Replay
Link that replays current quiz
Next Quiz
Link to next quiz in quiz playlist
You Got
0%
They Got
Avg Score
86%
Avg Friend Score
Upgrade to see
Score Distribution
Jump to the score distribution portion of the page
Score
0/22
Timer
10:00
0
Plays Today
% Correct
Brock Lesnar and Paul Heyman
95.9%
Sheamus
93.9%
Roman Reigns
93.9%
Paige and Cameron
93.9%
Bray Wyatt and Luke Harper
91.8%
The Usos
91.8%
Fandango and Layla
89.8%
Bo Dallas
89.8%
Ryback
89.8%
Daniel Bryan and Cesaro
89.8%
Natalya and Rosa Mendes
87.8%
% Correct
Randy Orton
87.8%
Big Show
87.8%
Seth Rollins and Dean Ambrose
87.8%
Rob Van Dam and Bad News Barrett
85.7%
Rey Mysterio and Jack Swagger
85.7%
Zeb Colter
79.6%
Kofi Kingston and Heath Slater
79.6%
Dolph Ziggler
77.6%
Emma
75.5%
Adam Rose
73.5%
Big E
71.4%
Quiz Playlist
Details
Report
Send in Message
Add To Playlist
Slideshow:
Type answers based on single images at one time
Last Updated: Mar 5, 2018
Quiz Scoreboard
CHALLENGE
Sign Up to Join the Scoreboard
Show All
Scores
Hide
Comments
May contain spoilers
Recently Published
1-10 Letter E Words III
by El_Dandy
Language
2m
One Thing in Common: World Cities II
by knightlancer
Geography
7m
Popular People in 1961
by mucciniale
History
6m
More to Explore
Quiz From the Vault
Featured Blog Post
Where Did the Easter Bunny Come From?
hide this ad
You Might Also Like...
Tags
Animal Quiz
WWE Quiz
cat
Image Quiz
Slideshow
Today's Top Quizzes in Entertainment
Browse Entertainment
hide this ad
Today's Top Quizzes in WWE
Browse WWE
Top Contributed Quizzes in Entertainment
1
Kamen Rider Motifs
2
Dragon Ball Z: Mega Character Search
3
Undead Unluck Minefield
4
Dragon Ball Z: Goku's Fights in Order
5
Survivor Winners Logic Quiz
6
Who Wants to Be a Millionaire: Anime Edition
7
10-to-1 Anime Arc Sorting Gallery
8
Criteria Quickie: Cartoon Taxonomy II
9
Ana Gasteyer or Kathryn Hahn?
10
One Piece 11-1
Explore More
Trending Topics
Harry Potter
Disney
NBA
Anime
Crossword
Kpop
Marvel
Pokémon
NFL
Country
Soccer
The Office
WWE
Song
Puzzle
hide this ad
More By:
benbrown
Quiz
Plays
Rating
Category
Featured
Created
wwe figures (map)
19,084
4.26
Entertainment
Mar 1, 2014
Current WWE Superstars Wikipedia Picture
12,794
4.08
Entertainment
May 10, 2016
gta 5 10 greatest characters
6,795
2.45
Gaming
Sep 30, 2013
Merlin characters (slideshow)
4,211
4.14
Television
Feb 18, 2014
Eastenders behind bars
3,977
4.33
Television
Feb 6, 2015
Go to Creator's Profile
Score Distribution
Quiz Creator Spotlight
benbrown
Follow
Send a Message
Quizzes Created
-
Created Quiz Play Count
-
More By This Creator
Popular Quizzes Today
1
Find the US States - No Outlines Minefield
2
The Countries of the World
3
Popular People in 1961
4
Find the Countries of Europe - No Outlines Minefield
5
1-10 Letter E Words III
6
Find the US States
7
One Thing in Common: World Cities II
8
US States
More Entertainment Quizzes
Click-an-E: Marvel Characters
Curator's Pick
Trending Quizzes
1-10 Letter F Words
One Thing in Common: Music
1-10 Letter G Words
Risky Map Clicking: Next State Alphabetically
1-10 Letter F Words II
Recently Updated
Leaping Animals
pecheneg
Reality TV Shows (A-Z)
bhenderson79
Rickey Henderson's Hall of Fame Teammates
pecheneg
Champions League XIs: Arsenal
pecheneg
Quick Pick: Celebrities in WWE's Hall of Fame
aduchscher
A-Z Keypad Blitz II
pecheneg
Multiple Oscar Actors
pecheneg
Mystery Phrase Blitz: Oscar 'Best Actors'
pecheneg
F. Scott Fitzgerald Novels
LTH
Pick 3 Villains
ddd62291
Trending Topics
Anime
Crossword
NBA
Disney
Harry Potter
Kpop
Marvel
Puzzle
WWE
Pokémon
Song
Country
The Office
NFL
Soccer
Your Account Isn't Verified!
In order to create a playlist on Sporcle, you need to verify the email address you used during registration. Go to your
Sporcle Settings
to finish the process.
Report this User
Report this user for behavior that violates our
Community Guidelines
.
Details:
Send Report
Go to the Sporcle.com Mobile Site →
Comments